| 000 | 00951nam a2200277 i 4500 | ||
|---|---|---|---|
| 003 | EG-ScBUE | ||
| 005 | 20240707131739.0 | ||
| 008 | 100527s1991 ua f 000 0 ara d | ||
| 017 | _a1985 / 7125 | ||
| 040 |
_aEG-ScBUE _bara _erda _cEG-ScBUE _dEG-ScBUE |
||
| 043 | _af-ua--- | ||
| 082 | 0 | 4 |
_222 _a932 _bم ح م |
| 100 | 1 |
_914328 _aمحمد، محسن، _eمؤلف. |
|
| 245 | 1 | 0 |
_aسرقة ملك مصر / _cمحسن محمد. |
| 250 | _aالطبعة الثانية. | ||
| 264 | 1 |
_aالقاهرة : _bمركز الأهرام للترجمة والنشر، _c1991. |
|
| 300 |
_a499 صفحة ؛ _c15 سم |
||
| 336 |
_2rdacontent _aنص _btxt |
||
| 337 |
_aبدون وسيط _2rdamedia _bn |
||
| 338 |
_aمجلد _bnc _2rdacarrier |
||
| 541 |
_cDonation ; _aAlaa Abdel Ghaney. |
||
| 650 | 7 |
_aالآثار الإسلامية _zمصر. _2BUEsh |
|
| 651 | 7 |
_2BUEsh _aمصر القديمة _xتاريخ. |
|
| 655 | _vReading book | ||
| 942 |
_2ddc _cBB |
||
| 999 |
_c14021 _d14021 |
||